000 00707nam a22002297a 4500
999 _c10583
_d10583
003 AR-CdUCM
008 190401b ||||| |||| 00| 0 spa d
040 _aMUNICIPALIDAD PROVINCIAL DEL CUSCO
_cBIBLIOTECA MUNICIPAL DEL CUSCO
041 _hfre
082 _aES / 800 /
_bV52
100 _aVerne, Julio
_910153
245 _a20.000 Leguas de Viaje Submrino /
260 _aBarcelona :
_bMateu.
300 _a342 páginas ;
_bIlustraciones
_c20cm
440 _aColección Juvenil Cadete
_n38
_927532
505 _aContenido: Novela
650 _aNovela
_9572
650 _aLiteratura juvenil
_91580
700 _aBallester Escalas, R.(traducción)
_915483
942 _2ddc
_cLIBROS
945 _anom